Miraculous Ladybug Analytical Quiz - Statistics

General Stats
  • This quiz has been taken 132 times
  • The average score is 7 of 15
Answer Stats
Hint Answer % Correct
Marinette's age when she got her first Electric Scooter (answer in number) 14
87%
First villain that Marinette and Adrien fought as Ladybug and Cat Noir Stoneheart
67%
Zoe Lee's place of birth (answer in country) USA
65%
Superhero with 3 element of powers Ryuko
62%
First person breaks free from akuma (answer in villain form) Lady Wifi
53%
Retired Guardian Wang Fu
49%
Purple Tigress' power Clout
44%
Adrien's first alternative kwami Tikki
41%
The first person who received Miraculous after receive magical charm Zoe
41%
Superhero that has claw on right hand Purple Tigress
39%
Miraculous with power of Intuition Snake
36%
First Cataclysm Sentimonster Reflekdoll
31%
Rainbow colored hair Mylene
27%
Orikko is a kwami of _____ Sublimation
24%
Monkey King's power Uproar
23%
No matching quizzes found
Score Distribution
Percent of People with Each Score
Percentile by Number Answered
Your Score History
You have not taken this quiz